000 01895nam a2200481 c 4500
001 21472
003 ES-MaCES
005 20150929135506.0
008 080919s2008 sp d t o000 | spa d
017 _aS 1094-2008
_bDL
020 _a9788484173038
024 7 _a209-08-121-1
_2nipo
035 _aCES20080009166m
040 _aES-MaCES
_bspa
_cES-MaCES
100 1 _aZapata-Barrero, Ricard
_926511
245 1 3 _aEl discurso político en torno a la inmigración en España y en la UE
_cMiguel Pajares, Elisabet González, Elena Sánchez Montijano
260 _aMadrid
_bSubdirección General de Información Administrativa y Publicaciones, Ministerio de Trabajo e Inmigración
_c[2008]
300 _a230 p.
_c22 cm
490 1 _aDocumentos del Observatorio Permanente de la Inmigración
_v16
500 _aEn la cub.: Ministerio de Trabajo e Inmigración, Observatorio Permanente de la Inmigración
500 _aÍndices
504 _aBibliografía
541 _cGratuito
650 4 _ainmigración
_928632
650 4 _apolítica
_927246
650 4 _acomportamiento político
_927237
650 4 _aparlamento
_927198
650 4 _apráctica parlamentaria
_929060
650 4 _aorganización institucional
_927196
650 4 _aEspaña
_926964
650 4 _adeclaración
_928950
650 4 _ateoría política
_927233
653 1 0 _aCiencias Sociales-Políticas
650 4 _926752
_aUE
700 1 _aSánchez Montijano, Elena
_923296
700 1 _aGonzález, Elisabet
_913710
710 2 _aEspaña
_bMinisterio de Trabajo e Inmigración
_eed.
_93272
710 1 _aEspaña
_bSecretaría de Estado de Inmigración y Emigración
_bObservatorio Permanente de la Inmigración
_93364
830 0 _aDocumentos del Observatorio Permanente de la Inmigración
_v16
_934087
902 _aLIB Libro
942 _2CES
_cBK
_h7.0.
999 _c21472
_d21472